Od politiky kvality po certifikáciu systému manažérstva kvality

Certifikácia systému kvality Technického skúšobného ústavu Piešťany, š.p. TSÚ Piešťany, š.p. je organizáciou, ktorá zabezpečuje predovšetkým služby v oblasti skúšobníctva. Vybudovanie a zavedenie fungujúceho systému manažérstva kvality (SMK).

Enregistré dans:
Détails bibliographiques
Auteur principal: Cvengroš, Ivan
Autres auteurs: Miklánek, Martin
Format: Chapitre de livre
Langue:slovaque
Sujets:
Tags: Ajouter un tag
Pas de tags, Soyez le premier à ajouter un tag!

MARC

LEADER 00000naa a2200000 4500
001 r038864
005 20231002065758.6
041 0 |a slo 
044 |a SK 
245 1 0 |a Od politiky kvality po certifikáciu systému manažérstva kvality  |c Ivan Cvengroš, Martin Miklánek 
520 |a Certifikácia systému kvality Technického skúšobného ústavu Piešťany, š.p. TSÚ Piešťany, š.p. je organizáciou, ktorá zabezpečuje predovšetkým služby v oblasti skúšobníctva. Vybudovanie a zavedenie fungujúceho systému manažérstva kvality (SMK). 
610 2 0 |a riadenie kvality 
610 2 0 |a systém riadenia kvality 
610 2 0 |a certifikácia 
610 2 0 |a TSÚ Piešťany, š.p. 
610 2 0 |a skúšobne štátne 
610 2 0 |a akreditácia 
100 1 |a Cvengroš, Ivan 
700 1 |a Miklánek, Martin